000 00465nam a2200181Ia 4500
001 1121
005 20260306140608.0
008 260306t1996||||xx |||||||||||||| ||spa||
041 _aESP
082 _a183.2
_bR68
100 _aRivas Palá, Pedro
_eAUT
245 0 _aJusticia, comunidad, obedencia:
_bel pensamiento de Sócrates ante la ley
260 _c1996
300 _a378 páginas :
_c21 cm.
650 _aGEN
654 _aCHU
942 _cLIB
_dJUS
_fJUS
_2ddc
_n
999 _c1121
_d1121